| 000 | 00578nam a2200169 i 4500 | ||
|---|---|---|---|
| 001 | 89327 | ||
| 003 | ES-MaACL | ||
| 005 | 20230906180139.0 | ||
| 007 | t| | ||
| 008 | 050110s1946 sp ||||1| spa d | ||
| 100 | 1 |
_aLangle, Emilio. _970057 |
|
| 245 | 1 | 4 |
_aLas cuentas en participación _b: prevenciones contra sus peligros / _cEmilio Langle. |
| 260 |
_aMadrid : _bInstituto Editorial Reus, _c1946. |
||
| 300 |
_a54 p. ; _c25 cm. |
||
| 500 | _aPublicado en la Revista General de Legislación y Jurisprudencia, octubre-noviembre, 1945. | ||
| 852 |
_aES-MaACL _j1860-F-23 _bR.23492 |
||
| 999 |
_c89327 _d89327 |
||